Govt. of
Madhya Pradesh

NorthE̜ast India (Record no. 16711)

MARC details
000 -LEADER
fixed length control field 004980000a22001930004500
001 - CONTROL NUMBER
control field 004828
003 - CONTROL NUMBER IDENTIFIER
control field MACL
005 - DATE AND TIME OF LATEST TRANSACTION
control field 20151003131250.0
008 - FIXED-LENGTH DATA ELEMENTS--GENERAL INFORMATION
fixed length control field 151003b xxu||||| |||| 00| 0 eng d
040 ## - CATALOGING SOURCE
Original cataloging agency MACL
Transcribing agency MACL
041 ## - LANGUAGE CODE
Language code of text/sound track or separate title English
082 ## - DEWEY DECIMAL CLASSIFICATION NUMBER
Classification number 900.54/RAH
100 ## - MAIN ENTRY--PERSONAL NAME
Personal name Ghosh, Aloke Kumar
9 (RLIN) 13418
245 ## - TITLE STATEMENT
Title NorthE̜ast India
Remainder of title The Human Interface
Statement of responsibility, etc. Aloke Kumar Ghosh
260 ## - PUBLICATION, DISTRIBUTION, ETC. (IMPRINT)
Place of publication, distribution, etc. New Delhi
Name of publisher, distributor, etc. Gyan Publishing House
350 ## - PRICE (NR) (BK AM CF MU VM SE) [OBSOLETE]
Price 410
650 ## - SUBJECT ADDED ENTRY--TOPICAL TERM
Topical term or geographic name as entry element Geography
9 (RLIN) 13419
942 ## - ADDED ENTRY ELEMENTS (KOHA)
Call number prefix 901
Koha item type Books
Source of classification or shelving scheme
Holdings
Withdrawn status Lost status Source of classification or shelving scheme Damaged status Not for loan Home library Current library Date acquired Cost, normal purchase price Total Checkouts Full call number Barcode Date last seen Uniform Resource Identifier Price effective from Koha item type
          MACL MACL 15/04/2015 410.00   900.54/RAH CRE010811 02/05/2024 16623 15/04/2015 Books